000 00253nam a22001217a 4500
008 170522b xxu||||| |||| 00| 0 eng d
041 _aeng
080 _a94
100 _a16
101 _ashh
245 _aAGE OF ENLIGHTMENT
_cGAY, P
942 _2udc
_cBK
999 _c13601
_d13601